000 00538nam a2200169Ia 4500
999 _c21116
_d21116
003 OSt
005 20200608105858.0
008 190216s9999||||xx |||||||||||||| ||und||
020 _a9788188683512
040 _coclc
082 _a346.54048
_bJEN/I
100 _aJena, Kashi Nath
_92608
245 0 _aIntellectual Property Rights Globalisation And Global Relations /
_cKashi Nath Jena
260 _bAbhijeet Publications,
_aDelhi:
_c2005.
300 _a196p
942 _cBK
_2ddc
_h346.54048
_iJEN/I
_k346.54048
_mJEN/I